Praktická záhradná architektúra /

Enregistré dans:
Détails bibliographiques
Auteurs principaux: Brunsová, Sabine (Auteur), Brunsová, Susanne (Auteur)
Format: Livre
Langue:slovaque
Publié: Bratislava : Slovo, 1995
Tags: Ajouter un tag
Pas de tags, Soyez le premier à ajouter un tag!

MARC

LEADER 00000nam a22000003a 4500
001 stu30489
005 20150617225738.2
008 971120s1995----xo------------------slo-d
020 |a 80-85711-09-5 
040 |a STU  |b slo 
041 0 |a slo 
044 |a xo 
080 |a 712 
100 1 |a Brunsová, Sabine  |4 aut 
245 1 |a Praktická záhradná architektúra /  |c [aut]Brunsová,Susanne;Brunsová,Sabine 
260 |a Bratislava :  |b Slovo,  |c 1995 
300 |a 75 s 
700 1 |a Brunsová, Susanne  |4 aut 
996 |b 284V007985  |c V*44918/O-19602b  |l VVS  |s A  |a 24  |w stu30489_0001 
996 |c V*46450/O-20417  |l VV16  |s P  |a 0  |w stu30489_0002 
996 |b 284V028444  |c V*44916/O-19602  |l VVT  |s A  |a 24  |w stu30489_0003 
996 |b 284V007986  |c V*44917/O-19602a  |l VVS  |s A  |a 24  |w stu30489_0004